| 000 | 01903nam0a22002891 4500 | ||
|---|---|---|---|
| 001 | rc\30081 | ||
| 005 | 20260407054323.0 | ||
| 010 |
_dБ.ц. _9350 |
||
| 021 |
_aRU _b94-15913 |
||
| 035 | _a(NLR Aleph) 008776972 | ||
| 090 |
_a7958740 _c7958740 |
||
| 100 | _a20021216d1994 |||y0rusy50 ca | ||
| 101 | 0 | _arus | |
| 102 | _aRU | ||
| 105 | _ay z|||||||| | ||
| 200 | 1 |
_aИнструкция о порядке разработки, согласования и утверждения договорных и свободных оптовых цен на изделия электронной техники, продукцию производственно-технического назначения и свободно-отпускных цен на товары народного потребления, выпускаемые предприятиями отрасли _eутв. ГУЭП (Гл. упр. электрон. пром-сти Гос. ком. Рос. Федерации по оборон. отраслям пром-сти) 23.05.94 _fЦНИИ "Электроника" |
|
| 210 |
_aМосква _cб.и. _d1994 |
||
| 215 |
_a39 с. _d21 |
||
| 606 | 1 |
_aЭлектронная промышленность _xЦенообразование _xКонтроль _92004166 _3RU\NLR\AUTH\661206235 |
|
| 711 | 0 | 1 |
_aРоссийская Федерация _bГлавное управление электронной промышленности _3RU\NLR\AUTH\885932 _9283587 |
| 712 | 0 | 2 |
_4650 _a"ЦНИИ экономики, систем управления и информации "Электроника", федеральное государственное унитарное предприятие _cМосква _3RU\NLR\AUTH\8810024523 _9547270 |
| 801 | 0 |
_aRU _bNLR _gpsbo |
|
| 801 | 1 |
_aRU _bELAR _2rusmarc |
|
| 801 | 2 |
_aRU _bNLR _c20111213 _2rusmarc |
|
| 852 |
_aNLR _j94-6/353 |
||
| 942 | _cBOOK | ||
| 980 | _aNB | ||